000 nam a22 7a 4500
999 _c9909
_d9909
008 180208b ||||| |||| 00| 0 eng d
100 _aHill, N
_9694
245 _aThe Law Of Sucess (Green)
260 _aNew Delhi
_bMaanu Publication
_c2012